[Event "IRT Homenaje a los Jovenes Mae"]
[Site "Asuncion"]
[Date "2011.03.18"]
[Round "7.4"]
[White "Riva, Eric"]
[Black "Heinechen, John"]
[Result "1-0"]
[WhiteElo "1687"]
[BlackElo "1801"]
[PlyCount "131"]
[EventDate "2011.03.10"]

1. Nf3 d6 2. g3 e5 3. d3 g6 4. Bg2 Bg7 5. c4 f5 6. O-O Nf6 7. Nc3 O-O 8. Rb1 a5
9. a3 c6 10. b4 axb4 11. axb4 h6 12. b5 Be6 13. Qc2 Qd7 14. Rd1 cxb5 15. Nxb5
Nc6 16. d4 exd4 17. Nfxd4 Nxd4 18. Nxd4 Rab8 19. Nxe6 Qxe6 20. Rxb7 Rbc8 21.
Bb2 Rxc4 22. Qxc4 Qxc4 23. Bd5+ Qxd5 24. Rxd5 Nxd5 25. Rxg7+ Kh8 26. Rxg6+ Kh7
27. Rxd6 Rb8 28. Rxd5 Rxb2 29. Rxf5 Rxe2 30. Rf6 Kg7 31. Rd6 Ra2 32. Kg2 Kh7
33. h4 Kg7 34. h5 Rb2 35. Rg6+ Kh7 36. g4 Ra2 37. Kg3 Ra3+ 38. f3 Rb3 39. Kf4
Rb4+ 40. Ke5 Rb5+ 41. Ke6 Rb6+ 42. Kd5 Rb5+ 43. Kc4 Ra5 44. Kb4 Ra1 45. f4 Rc1
46. f5 Rc2 47. Kb5 Rc1 48. Rc6 Rg1 49. Rc4 Kg7 50. Kc5 Kf6 51. Re4 Kg5 52. Kd6
Ra1 53. Kd5 Ra5+ 54. Ke6 Ra6+ 55. Kf7 Ra7+ 56. Re7 Ra4 57. f6 Rxg4 58. Re5+ Kf4
59. Ke6 Rg8 60. Rf5+ Kg4 61. f7 Rf8 62. Ke7 Rxf7+ 63. Rxf7 Kxh5 64. Kf6 Kg4 65.
Rg7+ Kh4 66. Kg6 1-0

[Event "IRT Homenaje a los Jovenes Mae"]
[Site "Asuncion"]
[Date "2011.03.18"]
[Round "7.5"]
[White "Estigarribia, Marcos"]
[Black "Saldana, Fernando Javier"]
[Result "0-1"]
[WhiteElo "1637"]
[BlackElo "1737"]
[PlyCount "48"]
[EventDate "2011.03.10"]

1. e4 c5 2. c4 Nc6 3. Nc3 g6 4. g3 Bg7 5. Bg2 e6 6. Nge2 Nge7 7. d3 a6 8. a4
O-O 9. O-O Nd4 10. f4 f5 11. Be3 Nec6 12. Rb1 Rb8 13. e5 d6 14. exd6 Qxd6 15.
g4 fxg4 16. Ng3 h5 17. Nge4 Qe7 18. Qe1 b6 19. Ng5 Nc2 20. Bxc5 Qxc5+ 21. Kh1
Nxe1 22. Rfxe1 Nd4 23. Nge4 Qb4 24. Ng3 Bb7 0-1

[Event "IRT Homenaje a los Jovenes Mae"]
[Site "Asuncion"]
[Date "2011.03.18"]
[Round "7.6"]
[White "Florentin, Damaso"]
[Black "Rivarola, Paul"]
[Result "1-0"]
[WhiteElo "1755"]
[BlackElo "1706"]
[PlyCount "58"]
[EventDate "2011.03.10"]

1. e4 c5 2. Ne2 e6 3. f4 d5 4. e5 b6 5. Ng3 d4 6. Bb5+ Nd7 7. c4 Bb7 8. d3 Ne7
9. O-O g6 10. Nd2 Bg7 11. Nde4 Nf5 12. Nxf5 gxf5 13. Nd6+ Ke7 14. Nxb7 Qc7 15.
Nd6 Rag8 16. Bxd7 Qxd7 17. Qh5 Kf8 18. Bd2 f6 19. Qe2 fxe5 20. fxe5 Qc6 21. Bf4
Ke7 22. Rf2 Bf8 23. Qh5 Rg6 24. Raf1 Kd7 25. Nf7 Rhg8 26. Ng5 h6 27. Nf3 Kc7
28. h3 Qd7 29. Nh4 R6g7 1-0